[Event "Tradewise Gibraltar Master 2015"]
[Site "Gibraltar ENG"]
[Date "2015.01.30"]
[Round "4.63"]
[White "Guo, Qi"]
[Black "Herman, Diego"]
[Result "1-0"]
[WhiteElo "2439"]
[BlackElo "2148"]
[PlyCount "49"]
[EventDate "2015.01.27"]
[EventType "swiss"]
[EventRounds "10"]
[EventCountry "ENG"]
[Source "lmi"]
[SourceDate "2015.01.27"]

1. d4 e6 2. c4 b6 3. a3 Bb7 4. Nc3 f5 5. d5 Nf6 6. g3 a5 7. Bg2 Na6 8. Nh3 Nc5
9. Qc2 Bd6 10. O-O O-O 11. Be3 Qb8 12. Rad1 c6 13. Bxc5 Bxc5 14. dxe6 dxe6 15.
Na4 Qe5 16. Nf4 Rad8 17. Nd3 Rxd3 18. Rxd3 g5 19. Qc3 Qxc3 20. Rxc3 Nd7 21. Rd1
Rf7 22. Rcd3 Ne5 23. Nxc5 bxc5 24. Re3 Nxc4 25. Rxe6 1-0

[Event "Tradewise Gibraltar Master 2015"]
[Site "Gibraltar ENG"]
[Date "2015.01.30"]
[Round "4.64"]
[White "Al-Tamimi, Hamad"]
[Black "Neelotpal, Das"]
[Result "0-1"]
[WhiteElo "2214"]
[BlackElo "2437"]
[PlyCount "66"]
[EventDate "2015.01.27"]
[EventType "swiss"]
[EventRounds "10"]
[EventCountry "ENG"]
[Source "lmi"]
[SourceDate "2015.01.27"]

1. e4 e6 2. d4 d5 3. exd5 exd5 4. Bd3 c5 5. Qe2+ Be7 6. dxc5 Nf6 7. Nf3 O-O 8.
O-O Bxc5 9. Bg5 h6 10. Bh4 Nc6 11. c3 g5 12. Bg3 Re8 13. Qc2 Ne4 14. Nbd2 f5
15. Nb3 Bb6 16. Nfd4 f4 17. f3 Nxg3 18. hxg3 fxg3 19. Rae1 Rf8 20. Re3 Kh8 21.
Qd2 Qf6 22. f4 gxf4 23. Rxg3 Ne5 24. Nc1 Qh4 25. Nce2 f3 26. Qe3 Ng4 27. Rxg4
Bxg4 28. Nf4 Rf6 29. Ng6+ Rxg6 30. Bxg6 Bc7 31. Nxf3 Bxf3 32. Qd4+ Qxd4+ 33.
cxd4 Rg8 0-1

[Event "Tradewise Gibraltar Master 2015"]
[Site "Gibraltar ENG"]
[Date "2015.01.30"]
[Round "4.65"]
[White "Schneider, German"]
[Black "Teran Alvarez, Ismael"]
[Result "0-1"]
[WhiteElo "2150"]
[BlackElo "2430"]
[PlyCount "56"]
[EventDate "2015.01.27"]
[EventType "swiss"]
[EventRounds "10"]
[EventCountry "ENG"]
[Source "lmi"]
[SourceDate "2015.01.27"]

1. d4 d6 2. Bg5 Nd7 3. Nf3 Ngf6 4. Nc3 c6 5. e4 e5 6. dxe5 dxe5 7. Bc4 Bc5 8.
O-O h6 9. Bh4 b5 10. Bb3 Qe7 11. Qe2 g5 12. Bg3 Nh5 13. a4 b4 14. Nd1 Nf4 15.
Bxf4 exf4 16. a5 g4 17. Ne1 Ne5 18. Qd2 Qg5 19. Kh1 Ba6 20. Nd3 Rd8 21. g3 fxg3
22. Qxg5 hxg5 23. Nxe5 Bxf1 24. Ne3 Bxe3 25. fxe3 Rd2 26. Bxf7+ Kd8 27. Nxg4
Bg2+ 28. Kg1 Bf3 0-1

[Event "Tradewise Gibraltar Master 2015"]
[Site "Gibraltar ENG"]
[Date "2015.01.30"]
[Round "4.66"]
[White "Havik, Victor"]
[Black "Nakar, Eylon"]
[Result "0-1"]
[WhiteElo "2137"]
[BlackElo "2419"]
[PlyCount "69"]
[EventDate "2015.01.27"]
[EventType "swiss"]
[EventRounds "10"]
[EventCountry "ENG"]
[Source "lmi"]
[SourceDate "2015.01.27"]

1. d4 Nf6 2. c4 e6 3. Nc3 Bb4 4. e3 O-O 5. Bd3 b6 6. Nge2 Bb7 7. O-O d5 8. cxd5
exd5 9. Ng3 Re8 10. Bd2 Nbd7 11. a3 Bf8 12. Rc1 c5 13. Qf3 g6 14. Qf4 a6 15.
Bb1 Bg7 16. Na4 Rc8 17. dxc5 bxc5 18. b4 c4 19. Bc3 Bc6 20. Bc2 Nf8 21. Qd4 Ne6
22. Qd2 Qc7 23. Bd1 h5 24. Qb2 d4 25. exd4 Nd5 26. Nc5 Nxc3 27. Qxc3 Nxd4 28.
Qd2 h4 29. Ne2 Nxe2+ 30. Bxe2 c3 31. Qc2 h3 32. g3 Qe5 33. Bc4 Qf6 34. Be2 Bf3
35. Nd7 0-1

[Event "Tradewise Gibraltar Master 2015"]
[Site "Gibraltar ENG"]
[Date "2015.01.30"]
[Round "4.67"]
[White "Nagy, Gabor"]
[Black "Bar, Aviv"]
[Result "0-1"]
[WhiteElo "2410"]
[BlackElo "2142"]
[PlyCount "124"]
[EventDate "2015.01.27"]
[EventType "swiss"]
[EventRounds "10"]
[EventCountry "ENG"]
[Source "lmi"]
[SourceDate "2015.01.27"]

1. e4 c5 2. Nf3 d6 3. d4 cxd4 4. Nxd4 Nf6 5. Nc3 a6 6. Qd3 Nbd7 7. Be2 e5 8.
Nb3 Be7 9. a4 b6 10. g4 h6 11. h4 Bb7 12. Bf3 Qc7 13. g5 hxg5 14. hxg5 Rxh1+
15. Bxh1 Nh5 16. Nd5 Bxd5 17. Qxd5 Rc8 18. Bf3 Nf4 19. Bxf4 exf4 20. Be2 Qc6
21. Qxc6 Rxc6 22. Nd4 Rc5 23. Bxa6 Rxg5 24. O-O-O Nc5 25. Bb5+ Kf8 26. f3 g6
27. b4 Ne6 28. Nc6 Bf6 29. Bc4 Bc3 30. Kb1 Rg3 31. Bxe6 fxe6 32. a5 bxa5 33. b5
Rg5 34. e5 dxe5 35. Rd8+ Kg7 36. Rd3 e4 37. Rxc3 Rxb5+ 38. Kc1 exf3 39. Rxf3 e5
40. Kd2 Kf6 41. Rd3 g5 42. Rd6+ Kf5 43. c4 Rc5 44. Kd3 g4 45. Ne7+ Kg5 46. Rg6+
Kh4 47. Rc6 Rxc6 48. Nxc6 g3 49. Nxe5 g2 50. Ke4 Kg3 51. Nf3 a4 52. c5 a3 53.
c6 a2 54. c7 a1=Q 55. c8=Q Qb1+ 56. Ke5 Qb5+ 57. Kd4 Qb6+ 58. Kc4 Kxf3 59. Qh3+
Kf2 60. Qh4+ Ke2 61. Qg4+ f3 62. Qe6+ Qxe6+ 0-1

[Event "Tradewise Gibraltar Master 2015"]
[Site "Gibraltar ENG"]
[Date "2015.01.30"]
[Round "4.68"]
[White "Santiago, Yago De Moura"]
[Black "Walton, Alan J"]
[Result "0-1"]
[WhiteElo "2406"]
[BlackElo "2129"]
[PlyCount "42"]
[EventDate "2015.01.27"]
[EventType "swiss"]
[EventRounds "10"]
[EventCountry "ENG"]
[Source "lmi"]
[SourceDate "2015.01.27"]

1. e4 e6 2. d4 d5 3. e5 c5 4. c3 Nc6 5. Nf3 Qb6 6. a3 cxd4 7. cxd4 Nh6 8. b4
Nf5 9. Be3 f6 10. exf6 gxf6 11. Bd3 Nxe3 12. fxe3 Bh6 13. Qe2 e5 14. Nfd2 O-O
15. Qh5 Kg7 16. Nc3 Ne7 17. Rf1 e4 18. Nxd5 Nxd5 19. Bxe4 Nxe3 20. Rf3 Qxd4 21.
Rg3+ Ng4 0-1

[Event "Tradewise Gibraltar Master 2015"]
[Site "Gibraltar ENG"]
[Date "2015.01.30"]
[Round "4.69"]
[White "Karavade, Eesha"]
[Black "Rodriguez Alvarez, Vidal"]
[Result "1-0"]
[WhiteElo "2398"]
[BlackElo "2122"]
[PlyCount "83"]
[EventDate "2015.01.27"]
[EventType "swiss"]
[EventRounds "10"]
[EventCountry "ENG"]
[Source "lmi"]
[SourceDate "2015.01.27"]

1. Nf3 d5 2. c4 c6 3. g3 Nf6 4. Bg2 Bf5 5. cxd5 cxd5 6. Qb3 Nc6 7. Qxb7 Bd7 8.
Qb3 e5 9. O-O Bd6 10. d3 Rb8 11. Qd1 O-O 12. Nc3 h6 13. Nd2 Be6 14. b3 Qa5 15.
Bb2 Bb4 16. Rc1 Rfc8 17. Ndb1 d4 18. Na4 Ne7 19. Ba3 Ned5 20. Bxb4 Nxb4 21. Qd2
Qd8 22. Rxc8 Qxc8 23. Rc1 Qd8 24. Nc5 Bd5 25. Bh3 a5 26. a3 Nc6 27. Qc2 Qe7 28.
Nd2 g6 29. Nce4 Kg7 30. Qc5 Bxe4 31. dxe4 Qxc5 32. Rxc5 Rb6 33. f3 d3 34. exd3
Nd4 35. Rxa5 Nxb3 36. Nxb3 Rxb3 37. Bf1 Nd7 38. Rd5 Nf8 39. Rxe5 Rxa3 40. Kf2
Ra2+ 41. Be2 Ne6 42. Rd5 1-0

[Event "Tradewise Gibraltar Master 2015"]
[Site "Gibraltar ENG"]
[Date "2015.01.30"]
[Round "4.70"]
[White "Codenotti, Marco"]
[Black "Freuler, Roman"]
[Result "1-0"]
[WhiteElo "2374"]
[BlackElo "2071"]
[PlyCount "111"]
[EventDate "2015.01.27"]
[EventType "swiss"]
[EventRounds "10"]
[EventCountry "ENG"]
[Source "lmi"]
[SourceDate "2015.01.27"]

1. d4 Nf6 2. c4 c5 3. d5 b5 4. cxb5 a6 5. bxa6 g6 6. Nc3 Bg7 7. e4 d6 8. Nf3
Nbd7 9. Be2 O-O 10. O-O Qa5 11. Re1 Ng4 12. Bg5 Re8 13. h3 Nge5 14. Nxe5 Bxe5
15. a4 Bxa6 16. Bb5 Bxb5 17. axb5 Qb4 18. Qe2 Nf6 19. Ra6 Rab8 20. f4 Bxc3 21.
bxc3 Qxb5 22. Bxf6 c4 23. Rc6 exf6 24. Qxc4 Qxc4 25. Rxc4 Rb2 26. Kf1 Rd2 27.
Rc6 Rd8 28. Re2 Rd1+ 29. Re1 Rd2 30. c4 Rd4 31. Kf2 f5 32. Kf3 Rd3+ 33. Re3
fxe4+ 34. Kxe4 Rd2 35. Kf3 Kf8 36. Rc7 Re8 37. Ra3 Kg7 38. Raa7 Rd3+ 39. Kf2
Rd2+ 40. Kg3 Rd3+ 41. Kh2 Rf8 42. f5 Rd4 43. Ra6 Rd8 44. Raa7 Rf8 45. Rc6 gxf5
46. Rd7 Rd2 47. Kg3 f4+ 48. Kxf4 Re8 49. g4 Rf2+ 50. Kg3 Ree2 51. Rdxd6 Rg2+
52. Kh4 Ref2 53. Kg5 h5 54. Rf6 hxg4 55. hxg4 Rxf6 56. Rxf6 1-0

[Event "Tradewise Gibraltar Master 2015"]
[Site "Gibraltar ENG"]
[Date "2015.01.30"]
[Round "4.71"]
[White "Osuna Vega, Enrique"]
[Black "Khademalsharieh, Sarasadat"]
[Result "0-1"]
[WhiteElo "2108"]
[BlackElo "2372"]
[PlyCount "128"]
[EventDate "2015.01.27"]
[EventType "swiss"]
[EventRounds "10"]
[EventCountry "ENG"]
[Source "lmi"]
[SourceDate "2015.01.27"]

1. e4 e5 2. Nf3 Nc6 3. c3 d5 4. Qa4 Nf6 5. Nxe5 Bd6 6. Nxc6 bxc6 7. d3 O-O 8.
Nd2 Re8 9. Be2 dxe4 10. dxe4 Bf4 11. Bf3 Bg4 12. Nf1 Nxe4 13. Ne3 Bxf3 14. gxf3
Nxf2 15. Kxf2 Qh4+ 16. Kf1 Qh3+ 17. Kf2 Qh4+ 18. Kf1 Qh6 19. Nf5 Qh3+ 20. Kf2
Bxc1 21. Raxc1 Qxf5 22. Rhe1 Rab8 23. Rxe8+ Rxe8 24. Qd4 c5 25. Re1 Rb8 26. Qd2
Qh3 27. Rh1 h5 28. b3 Re8 29. Qf4 Qe6 30. Qd2 Qf6 31. f4 Qf5 32. Re1 Rb8 33.
Re7 Qh3 34. Kg1 c4 35. b4 Rb6 36. Re5 Rg6+ 37. Rg5 Rd6 38. Rd5 Qg4+ 39. Kf2
Rxd5 40. Qxd5 Qxf4+ 41. Kg2 Kh7 42. Qxh5+ Qh6 43. Qxf7 Qd2+ 44. Kg1 Qc1+ 45.
Kg2 Qb2+ 46. Kg1 Qa1+ 47. Kg2 Qxa2+ 48. Kg3 Qe2 49. Qf5+ Kh6 50. Qf4+ Kg6 51.
h4 Qd3+ 52. Kg4 Qd7+ 53. Kg3 Qd6 54. Kg4 Qxf4+ 55. Kxf4 Kh5 56. Kg3 a6 57. Kh3
g5 58. hxg5 Kxg5 59. Kg3 Kf5 60. Kf3 Ke5 61. Ke3 c5 62. bxc5 Kd5 63. Kd2 Kxc5
64. Kc2 Kd5 0-1

[Event "Tradewise Gibraltar Master 2015"]
[Site "Gibraltar ENG"]
[Date "2015.01.30"]
[Round "4.72"]
[White "Paehtz, Thomas"]
[Black "Byrn, Carsten"]
[Result "1-0"]
[WhiteElo "2365"]
[BlackElo "2044"]
[PlyCount "59"]
[EventDate "2015.01.27"]
[EventType "swiss"]
[EventRounds "10"]
[EventCountry "ENG"]
[Source "lmi"]
[SourceDate "2015.01.27"]

1. e4 c5 2. Nf3 Nc6 3. d4 cxd4 4. Nxd4 Nf6 5. Nc3 d6 6. Bg5 e6 7. Qd2 a6 8.
O-O-O Bd7 9. f3 h6 10. Be3 b5 11. Nxc6 Bxc6 12. Ne2 Qc7 13. Nd4 Bb7 14. Bd3 Nd7
15. Kb1 Ne5 16. Qe2 Nc4 17. Bc1 Be7 18. f4 O-O-O 19. a4 Qc5 20. axb5 Qxd4 21.
Bxc4 Qxe4 22. bxa6 Bd5 23. Rxd5 exd5 24. Qxe4 dxe4 25. Bd5 f5 26. Be3 Kd7 27.
c3 Ra8 28. a7 Rhc8 29. Kc2 Rd8 30. Ra1 1-0

[Event "Tradewise Gibraltar Master 2015"]
[Site "Gibraltar ENG"]
[Date "2015.01.30"]
[Round "4.73"]
[White "Mareckova, Martina"]
[Black "Zwahr, Paul"]
[Result "1/2-1/2"]
[WhiteElo "2102"]
[BlackElo "2354"]
[PlyCount "105"]
[EventDate "2015.01.27"]
[EventType "swiss"]
[EventRounds "10"]
[EventCountry "ENG"]
[Source "lmi"]
[SourceDate "2015.01.27"]

1. e4 c5 2. Nc3 Nc6 3. Bb5 Nd4 4. Bc4 Nf6 5. d3 a6 6. a4 e6 7. e5 d5 8. exf6
dxc4 9. fxg7 Bxg7 10. dxc4 Bd7 11. Nf3 Bc6 12. Nxd4 Bxd4 13. Be3 Bxe3 14. Qxd8+
Rxd8 15. fxe3 Rg8 16. Rg1 Rxg2 17. Rxg2 Bxg2 18. a5 Bf3 19. Na4 Rc8 20. Kd2 Ke7
21. Rg1 Be4 22. Rg5 Kd6 23. h4 Bg6 24. b3 f6 25. Rg4 Rg8 26. Nb2 Kc6 27. Nd3
Kd6 28. Nb2 Rd8 29. Nd3 Rd7 30. Kc3 e5 31. Rg2 Rc7 32. Rf2 Ke6 33. Rg2 Rc6 34.
Rf2 Rc7 35. Rg2 Rc8 36. Rf2 Bxd3 37. cxd3 Rg8 38. b4 cxb4+ 39. Kxb4 f5 40. Kc5
Rf8 41. d4 Rc8+ 42. Kb4 exd4 43. exd4 Rc7 44. Re2+ Kd6 45. Kc3 Rg7 46. c5+ Kd7
47. Kc4 f4 48. Kd5 Rg4 49. Rb2 Kc7 50. h5 Rh4 51. Ke6 f3 52. d5 Re4+ 53. Kf5
1/2-1/2

[Event "Tradewise Gibraltar Master 2015"]
[Site "Gibraltar ENG"]
[Date "2015.01.30"]
[Round "4.74"]
[White "Compton, Alistair"]
[Black "Bartel, Marta"]
[Result "0-1"]
[WhiteElo "2071"]
[BlackElo "2347"]
[PlyCount "88"]
[EventDate "2015.01.27"]
[EventType "swiss"]
[EventRounds "10"]
[EventCountry "ENG"]
[Source "lmi"]
[SourceDate "2015.01.27"]

1. e4 g6 2. d4 Bg7 3. c3 d6 4. Nf3 Nd7 5. Bd3 e5 6. Be3 Ngf6 7. dxe5 dxe5 8. h3
O-O 9. O-O Qe7 10. Nbd2 b6 11. b4 Bb7 12. Qc2 h6 13. Rfe1 Nh5 14. Rad1 Kh8 15.
Nh2 a5 16. a3 Bc6 17. Bc4 f5 18. f3 Rad8 19. Bd3 Ng3 20. Nhf1 Nxf1 21. Rxf1 Nf6
22. exf5 Nd5 23. Bf2 Nf4 24. f6 Qxf6 25. Ne4 Bxe4 26. Bxe4 Qg5 27. g4 Nxh3+ 28.
Kh2 Rxd1 29. Qxd1 Rd8 30. Qe1 Nxf2 31. Rxf2 Qf4+ 32. Kg2 Bf6 33. Re2 Kg7 34.
Qg3 Qc1 35. Rc2 Rd2+ 36. Rxd2 Qxd2+ 37. Kh3 Qxc3 38. g5 Bxg5 39. Qg4 Qd4 40.
Qe6 Qd6 41. Qxd6 cxd6 42. bxa5 bxa5 43. a4 Kf6 44. Kg4 Bd2 0-1

[Event "Tradewise Gibraltar Master 2015"]
[Site "Gibraltar ENG"]
[Date "2015.01.30"]
[Round "4.75"]
[White "Bellin, Robert"]
[Black "Hamer, Martyn"]
[Result "1-0"]
[WhiteElo "2338"]
[BlackElo "2014"]
[PlyCount "73"]
[EventDate "2015.01.27"]
[EventType "swiss"]
[EventRounds "10"]
[EventCountry "ENG"]
[Source "lmi"]
[SourceDate "2015.01.27"]

1. d4 Nf6 2. Nf3 g6 3. Nbd2 Bg7 4. e4 d6 5. Bc4 O-O 6. Qe2 d5 7. exd5 Nxd5 8.
O-O c6 9. Re1 Re8 10. Ne5 Nd7 11. Ndf3 Nxe5 12. Nxe5 Be6 13. c3 Qc7 14. Bb3 b5
15. h4 Rad8 16. h5 Bc8 17. hxg6 hxg6 18. Qf3 Rf8 19. Qg3 Qd6 20. a4 a6 21. Qh4
c5 22. dxc5 Qxc5 23. Bg5 Rfe8 24. Nd3 Qc7 25. Bxd5 Rxd5 26. Nb4 Re5 27. Rxe5
Qxe5 28. Nc6 Qe2 29. Nxe7+ Kf8 30. Nd5 Bb7 31. Qb4+ Kg8 32. Ne7+ Kh7 33. f3
Rxe7 34. Qh4+ Kg8 35. Bxe7 Qe3+ 36. Kh1 Bxf3 37. Re1 1-0

[Event "Tradewise Gibraltar Master 2015"]
[Site "Gibraltar ENG"]
[Date "2015.01.30"]
[Round "4.76"]
[White "Daneri, Martin"]
[Black "Ladron De Guevara Pinto, Paolo"]
[Result "0-1"]
[WhiteElo "2123"]
[BlackElo "2367"]
[PlyCount "72"]
[EventDate "2015.01.27"]
[EventType "swiss"]
[EventRounds "10"]
[EventCountry "ENG"]
[Source "lmi"]
[SourceDate "2015.01.27"]

1. b3 d5 2. e3 c5 3. Bb2 Nf6 4. f4 a6 5. Nf3 Nc6 6. Be2 Bg4 7. h3 Bxf3 8. Bxf3
Qd7 9. d3 e6 10. Nd2 Bd6 11. O-O e5 12. f5 O-O-O 13. c4 d4 14. Bxc6 Qxc6 15. e4
Be7 16. Nf3 Nd7 17. Bc1 g6 18. Nh2 h5 19. Qe2 Rdg8 20. Kh1 Nf6 21. Bd2 h4 22.
Rf3 Nh5 23. fxg6 Rxg6 24. Ng4 Rxg4 25. hxg4 Ng3+ 26. Rxg3 hxg3+ 27. Kg1 Qf6 28.
Qf3 Qxf3 29. gxf3 Rh2 30. Be1 Bh4 31. a3 Rb2 32. b4 Kc7 33. bxc5 Rb3 34. Kg2
Rb2+ 35. Kg1 Kc6 36. Bb4 Bg5 0-1

[Event "Tradewise Gibraltar Master 2015"]
[Site "Gibraltar ENG"]
[Date "2015.01.30"]
[Round "4.77"]
[White "Danielsson, Robert"]
[Black "Lejlic, Samir"]
[Result "0-1"]
[WhiteElo "2121"]
[BlackElo "2354"]
[PlyCount "62"]
[EventDate "2015.01.27"]
[EventType "swiss"]
[EventRounds "10"]
[EventCountry "ENG"]
[Source "lmi"]
[SourceDate "2015.01.27"]

1. Nf3 Nf6 2. c4 g6 3. g3 Bg7 4. Bg2 O-O 5. O-O Nc6 6. d4 a6 7. Nc3 Rb8 8. Nd5
Ne8 9. b3 d6 10. Bb2 e6 11. Ne3 Ne7 12. Qd3 c5 13. Rad1 b5 14. dxc5 Bxb2 15.
cxd6 Nf5 16. Nxf5 exf5 17. d7 bxc4 18. dxe8=Q Qxe8 19. Qxc4 a5 20. Qc2 Bg7 21.
e3 Ba6 22. Rfe1 Rc8 23. Qb1 Bc3 24. Rd6 Bxe1 25. Rxa6 Bc3 26. Bf1 Qe7 27. Bc4
Qb7 28. Qd3 Rxc4 29. Qxc4 Qxf3 30. Ra7 Be1 31. Qf1 Rd8 0-1

[Event "Tradewise Gibraltar Master 2015"]
[Site "Gibraltar ENG"]
[Date "2015.01.30"]
[Round "4.78"]
[White "Watson, John L"]
[Black "Mehlhorn, Uwe"]
[Result "1-0"]
[WhiteElo "2319"]
[BlackElo "2121"]
[PlyCount "83"]
[EventDate "2015.01.27"]
[EventType "swiss"]
[EventRounds "10"]
[EventCountry "ENG"]
[Source "lmi"]
[SourceDate "2015.01.27"]

1. c4 g6 2. Nc3 Bg7 3. d4 d6 4. e4 a6 5. Be3 c6 6. Nf3 Nd7 7. Be2 e5 8. O-O
Ngf6 9. d5 c5 10. Nd2 O-O 11. a3 Ne8 12. Qc2 b6 13. Kh1 Kh8 14. g4 Ndf6 15. Rg1
Ng8 16. Rg3 Bh6 17. g5 Bg7 18. Rag1 Ra7 19. h4 f5 20. exf5 gxf5 21. f4 exf4 22.
Bxf4 Be5 23. Rf1 Rg7 24. Bd3 Ne7 25. h5 Rfg8 26. Ne2 h6 27. Nf3 Bxf4 28. Nxf4
hxg5 29. h6 Rf7 30. Nxg5 Rxg5 31. Rxg5 Nxd5 32. Ng6+ Kh7 33. Rg3 Ne7 34. Nxe7
Qxe7 35. Bxf5+ Kh8 36. Qc3+ Qf6 37. Bh3 Qxc3 38. Rxc3 Bb7+ 39. Kh2 Re7 40. Rg3
Kh7 41. Bf5+ Kh8 42. Bg6 1-0

[Event "Tradewise Gibraltar Master 2015"]
[Site "Gibraltar ENG"]
[Date "2015.01.30"]
[Round "4.79"]
[White "De Rosa, Mariagrazia"]
[Black "Santos Ruiz, Miguel"]
[Result "0-1"]
[WhiteElo "2101"]
[BlackElo "2310"]
[PlyCount "62"]
[EventDate "2015.01.27"]
[EventType "swiss"]
[EventRounds "10"]
[EventCountry "ENG"]
[Source "lmi"]
[SourceDate "2015.01.27"]

1. e4 e6 2. d4 d5 3. Nd2 c5 4. exd5 exd5 5. Ndf3 Nc6 6. h3 Qb6 7. c3 Nf6 8. Bd3
cxd4 9. Nxd4 Nxd4 10. cxd4 Bb4+ 11. Kf1 O-O 12. Nf3 Bd7 13. a4 Ne4 14. g3 Rfe8
15. Kg2 a5 16. Bf4 h6 17. Bc2 f6 18. Bb3 Bc6 19. h4 h5 20. Qd3 Qd8 21. Ne1 Bd6
22. Bxd6 Qxd6 23. Nc2 b6 24. Rhd1 Re6 25. Ne3 g6 26. Nf1 f5 27. Nh2 f4 28. g4
f3+ 29. Nxf3 Qf4 30. g5 Qg4+ 31. Kh2 Rf8 0-1

[Event "Tradewise Gibraltar Master 2015"]
[Site "Gibraltar ENG"]
[Date "2015.01.30"]
[Round "4.80"]
[White "De Haan, Eric"]
[Black "Holleland, Sigve"]
[Result "1-0"]
[WhiteElo "2299"]
[BlackElo "2116"]
[PlyCount "57"]
[EventDate "2015.01.27"]
[EventType "swiss"]
[EventRounds "10"]
[EventCountry "ENG"]
[Source "lmi"]
[SourceDate "2015.01.27"]

1. d4 Nf6 2. c4 e6 3. Nc3 Bb4 4. e3 d5 5. a3 Bxc3+ 6. bxc3 O-O 7. Bd3 c6 8. Ne2
Nbd7 9. O-O e5 10. cxd5 e4 11. Bc2 cxd5 12. f3 Nb6 13. Ng3 Re8 14. Rb1 Qc7 15.
Rb5 Bd7 16. Rc5 Bc6 17. fxe4 Nbd7 18. e5 Nxc5 19. exf6 Ne4 20. Bxe4 dxe4 21.
Qg4 g6 22. Nf5 Re6 23. Qg5 Qd8 24. Ne7+ Kh8 25. d5 Bb5 26. dxe6 Bxf1 27. exf7
Qd1 28. Nxg6+ hxg6 29. Qh6# 1-0

[Event "Tradewise Gibraltar Master 2015"]
[Site "Gibraltar ENG"]
[Date "2015.01.30"]
[Round "4.81"]
[White "Sanchez Jerez, Emilio Miguel"]
[Black "Schaefer, Reyk"]
[Result "0-1"]
[WhiteElo "2282"]
[BlackElo "2104"]
[PlyCount "130"]
[EventDate "2015.01.27"]
[EventType "swiss"]
[EventRounds "10"]
[EventCountry "ENG"]
[Source "lmi"]
[SourceDate "2015.01.27"]

1. Nc3 d5 2. e4 c6 3. Nf3 Bg4 4. h3 Bxf3 5. Qxf3 e6 6. d3 d4 7. Ne2 g6 8. h4
Nf6 9. c3 e5 10. Bg5 Bg7 11. g4 c5 12. h5 h6 13. Bd2 Nc6 14. hxg6 fxg6 15. g5
hxg5 16. Rxh8+ Bxh8 17. Bxg5 Qd6 18. Bh3 Nh7 19. Bh4 Bf6 20. Qg4 Bxh4 21. Qxh4
Qe7 22. Qh6 Nf8 23. f4 Qh7 24. Qxh7 Nxh7 25. Kd2 Ke7 26. cxd4 cxd4 27. b4 exf4
28. Nxf4 Ne5 29. Rf1 Rf8 30. a4 Kd6 31. Nd5 Rxf1 32. Bxf1 Ng5 33. Ke2 Ne6 34.
Kf2 g5 35. Kg3 Nc7 36. Nf6 Na6 37. Ne8+ Ke7 38. Ng7 Nxb4 39. Nf5+ Kf6 40. Nxd4
Nbxd3 41. a5 Nc5 42. Bg2 Nc4 43. a6 bxa6 44. Nc6 a5 45. Nxa7 a4 46. Nb5 a3 47.
Nc3 Nd2 48. Kf2 Nb1 49. Na2 Na4 50. Nc1 Nbc3 51. Nb3 a2 52. Ke3 Ke5 53. Na1 Nc5
54. Bf1 N5xe4 55. Bc4 g4 56. Nc2 Ng5 57. Kf2 Kf4 58. Kg2 Nf3 59. Bxa2 Nxa2 60.
Kf2 Nc3 61. Ne3 g3+ 62. Kg2 Ne1+ 63. Kh3 Ne4 64. Nd5+ Kf3 65. Ne7 g2 0-1

[Event "Tradewise Gibraltar Master 2015"]
[Site "Gibraltar ENG"]
[Date "2015.01.30"]
[Round "4.82"]
[White "Hewson, Brian Wr"]
[Black "Buchal, Stephan"]
[Result "1-0"]
[WhiteElo "2084"]
[BlackElo "2273"]
[PlyCount "81"]
[EventDate "2015.01.27"]
[EventType "swiss"]
[EventRounds "10"]
[EventCountry "ENG"]
[Source "lmi"]
[SourceDate "2015.01.27"]

1. d4 g6 2. e4 Bg7 3. Nf3 d6 4. Bc4 Nf6 5. Qe2 O-O 6. O-O Bg4 7. Nbd2 Nc6 8. c3
e5 9. d5 Ne7 10. h3 Bd7 11. Rd1 h6 12. Nf1 Nh7 13. N3h2 f5 14. exf5 gxf5 15. f4
exf4 16. Bxf4 Ng6 17. g3 Ng5 18. Qh5 Be8 19. Bxg5 hxg5 20. Qe2 Ne5 21. Bb3 Qf6
22. Rd2 Qh6 23. Qg2 Bd7 24. Rf2 Rf7 25. Rd1 Raf8 26. Rdd2 Kh8 27. Nf3 f4 28. g4
Re7 29. N1h2 Rfe8 30. Nd4 Ng6 31. Nhf3 Bxd4 32. Rxd4 Nh4 33. Nxh4 Qxh4 34. Bd1
Re1+ 35. Kh2 R8e3 36. Rf3 Re5 37. Rd2 Kg7 38. Qf2 Bxg4 39. Qxh4 Bxf3 40. Qxe1
Rxe1 41. Bxf3 1-0

[Event "Tradewise Gibraltar Master 2015"]
[Site "Gibraltar ENG"]
[Date "2015.01.30"]
[Round "4.83"]
[White "Cordes, Hans-Joerg"]
[Black "Yu, Jonathan"]
[Result "1/2-1/2"]
[WhiteElo "2262"]
[BlackElo "2081"]
[PlyCount "84"]
[EventDate "2015.01.27"]
[EventType "swiss"]
[EventRounds "10"]
[EventCountry "ENG"]
[Source "lmi"]
[SourceDate "2015.01.27"]

1. d4 e6 2. Nf3 Nf6 3. c4 Bb4+ 4. Bd2 Qe7 5. g3 Nc6 6. Bg2 Bxd2+ 7. Nbxd2 d5 8.
O-O O-O 9. Rc1 Rd8 10. Qc2 Bd7 11. Rfe1 dxc4 12. Qxc4 Rac8 13. a3 Be8 14. b4 b5
15. Qc3 a5 16. bxa5 Nd5 17. Qc5 Qxc5 18. Rxc5 Nxa5 19. Rec1 c6 20. Ne5 f6 21.
Nd3 Ra8 22. Nb4 Nxb4 23. axb4 Rxd4 24. Rxb5 Rxd2 25. Rxa5 Rad8 26. Bf3 e5 27.
Kg2 Rb2 28. Bxc6 Bxc6+ 29. Rxc6 Rxb4 30. Rc7 h5 31. h3 Kh7 32. Raa7 Rg8 33. Rf7
Kg6 34. f3 Rc4 35. Kf2 Rcc8 36. f4 exf4 37. gxf4 Rcf8 38. Rfb7 Rb8 39. Rc7 Rbc8
40. Rd7 Rcd8 41. Rdc7 Rc8 42. Rd7 Rcd8 1/2-1/2

[Event "Tradewise Gibraltar Master 2015"]
[Site "Gibraltar ENG"]
[Date "2015.01.30"]
[Round "4.84"]
[White "Cawley, Paul F"]
[Black "Prosviriakov, Vladimir"]
[Result "1/2-1/2"]
[WhiteElo "2070"]
[BlackElo "2257"]
[PlyCount "65"]
[EventDate "2015.01.27"]
[EventType "swiss"]
[EventRounds "10"]
[EventCountry "ENG"]
[Source "lmi"]
[SourceDate "2015.01.27"]

1. d4 d6 2. Bf4 g6 3. e3 Bg7 4. c4 Nd7 5. Nf3 e5 6. Bg3 Qe7 7. Nc3 c6 8. Be2
Nh6 9. h3 O-O 10. O-O Nf5 11. Bh2 Re8 12. Re1 e4 13. Nd2 Nf6 14. g4 Nh4 15. Bg3
g5 16. Bxh4 gxh4 17. Bf1 d5 18. cxd5 cxd5 19. Qb3 Be6 20. Qd1 h5 21. gxh5 Nh7
22. Ne2 Bh6 23. Bg2 Kh8 24. Nf4 Rg8 25. Kh1 Rac8 26. Nxe6 Qxe6 27. Rc1 Rxc1 28.
Qxc1 Qf5 29. f4 exf3 30. Nxf3 Rc8 31. Qd1 Nf6 32. Ne5 Nxh5 33. Qf3 1/2-1/2

[Event "Tradewise Gibraltar Master 2015"]
[Site "Gibraltar ENG"]
[Date "2015.01.30"]
[Round "4.85"]
[White "Menna Barreto, Felipe Kubiaki"]
[Black "Skutta, Bernd"]
[Result "0-1"]
[WhiteElo "2247"]
[BlackElo "2059"]
[PlyCount "68"]
[EventDate "2015.01.27"]
[EventType "swiss"]
[EventRounds "10"]
[EventCountry "ENG"]
[Source "lmi"]
[SourceDate "2015.01.27"]

1. e4 d6 2. d4 Nf6 3. Nc3 g6 4. Nf3 Bg7 5. Be2 O-O 6. O-O Bg4 7. Be3 Nc6 8. d5
Nb8 9. Nd2 Bxe2 10. Qxe2 Nbd7 11. f4 c6 12. dxc6 bxc6 13. Rad1 Qa5 14. Nb3 Qc7
15. g4 Rab8 16. g5 Nh5 17. Qd3 Nc5 18. Bxc5 dxc5 19. e5 Rb4 20. Ne4 c4 21. Qd2
Qb6+ 22. Nbc5 c3 23. Qd3 cxb2 24. c4 Nxf4 25. Rxf4 b1=Q 26. Rxb1 Rxb1+ 27. Kg2
Bxe5 28. Rf2 Rb2 29. Nd7 Rd8 30. Nd2 Qd4 31. Qf3 Rxd2 32. Qxf7+ Kh8 33. Rxd2
Qxd2+ 34. Kf1 Qf4+ 0-1